Loading...
Fine Arts - Classical Music | 2 | 20.00 | 100% | 100% | 0% |
Fine Arts - Other Fine Arts | 3 | 16.67 | 67% | 67% | 33% |
Fine Arts - Painting & Sculpture | 8 | 18.75 | 100% | 75% | 13% |
History - American History | 4 | 15.00 | 75% | 75% | 0% |
History - European History | 6 | 11.67 | 100% | 17% | 0% |
History - Other History | 3 | 13.33 | 100% | 33% | 0% |
History - World History | 7 | 12.86 | 71% | 43% | 14% |
Literature - American Literature | 5 | 22.00 | 100% | 80% | 40% |
Literature - British Literature | 6 | 23.33 | 100% | 100% | 33% |
Literature - European Literature | 6 | 25.00 | 100% | 100% | 50% |
Literature - World Literature | 5 | 16.00 | 100% | 60% | 0% |
Mythology | 6 | 18.33 | 100% | 83% | 0% |
Other | 5 | 16.00 | 80% | 60% | 20% |
Philosophy | 6 | 16.67 | 100% | 50% | 17% |
Religion | 7 | 18.57 | 86% | 86% | 14% |
Science - Biology | 6 | 18.33 | 100% | 67% | 17% |
Science - Chemistry | 5 | 24.00 | 100% | 100% | 40% |
Science - Other Science | 4 | 15.00 | 100% | 25% | 25% |
Science - Physics | 6 | 18.33 | 83% | 83% | 17% |
Social Science | 4 | 15.00 | 100% | 50% | 0% |